| 000 | 00501nam a22001817a 4500 | ||
|---|---|---|---|
| 999 |
_c14959 _d14959 |
||
| 003 | MIRAKIL | ||
| 005 | 20220825122334.0 | ||
| 008 | 220825b tu ||||| |||| 00| 0 tur d | ||
| 040 |
_aTR-AnCHP _cTR-AnCHP |
||
| 041 | _atur | ||
| 082 |
_a813.42 _bB54a [t.y.] |
||
| 100 | _aBilbaşar, Kemal | ||
| 245 | 1 | 0 |
_aAy tutulduğu gece : _bRoman / _cKemal Bilbaşar |
| 260 |
_aİstanbul: _bTekin Yayınevi, _c[t.y]. |
||
| 300 |
_a210 s.: _c19 sm. |
||
| 650 | 0 |
_919 _aTürk edebiyatı _xRoman |
|
| 942 |
_2ddc _cBKS |
||